Yu-Gi-Oh-Les objets du Millenium - Statistiques

Statistiques générales
  • Ce quiz a été pris 193 fois
  • Le résultat moyen est 6 sur 7
Statistiques - réponses
Objet % Correct
Oeil du Millenium
99%
Puzzle du Millenium
93%
Collier du Millenium
87%
Anneau du Millenium
76%
Baguette du Millenium
76%
Balance du Millenium
71%
Clé du Millenium
69%
Aucun quiz correspondant
Distribution des résultats
% des personnes avec chaque résultat
Percentile par nombre de réponses
Votre historique - résultats
Vous n’avez pas pris ce quiz